000 00730nam a2200265Ia 4500
003 OSt
005 20221006160300.0
006 a|||||r|||| 00| 0
007 ta
008 221006b |||||||| |||| 00| 0 eng d
020 _a9780520246133
_c
_23.95
024 _a44,815
037 _bgift, Window on Korea
_cTextual
040 _aEASL
_cEASL
_beng
041 _2eng
_aeng
082 _aO495,1N33, P6
100 _aUn Ko
_9672488
245 0 _aThree way tavern
_b Selected Poems
260 _aBerkeley
_bUniversity of California Press
_c2006
300 _a184p.
_ccm.
490 _v KEL
650 _aKEL
942 _hO495,1N33, P6
_cTEXL
_2CC
999 _c1112907
_d1112907